000 00477nam a2200181Ia 4500
008 240925s9999 xx 000 0 und d
020 _a74623346
082 _a629.8 PAT
100 _aPatranabis, D.
245 0 _aPrinciples of Industrial Instrumentation
250 _a2nd
260 _aNew Delhi:
_bTata McGraw Hill
_c,1996.
300 _axix,761p.
_bN.A
_fOriginal
500 _aIncludes Index
600 _aElectronic Engineering
650 _aTechnology
942 _cBK
999 _c10507
_d10507